000 01673nam0a2200361 4500
001 RU\NLR\bibl\545619
005 20250609155124.0
010 _a5-89349-684-1
_bФлинта
010 _a5-02-033117-1
_9300
_bНаука
021 _aRU
_b2004-38109
_91899
035 _a(NLR Aleph) 000537831
090 _a1393979
_c1393979
100 _a20040818d2004 |||y0rusy50 ca
101 0 _arus
102 _aRU
105 _aa |||||||||
200 1 _aРециклинг твердых отходов в металлургии
_fК.А. Черепанов, С.М. Абрамович, М.В. Темлянцев, Е.Н. Темлянцева
_gПод науч. ред. проф., д.т.н. К.А. Черепанова
210 _aМ.
_cФлинта
_cНаука
_d2004
215 _a210 с.
_cил.
_d20
300 _aПосвящается 70-летию каф. теплофизики и пром. экологии ГОУ ВПО "Сиб. гос. индустр. ун-т"
320 _aБиблиогр.: с. 191-210 (262 назв.)
606 0 _aЧерная металлургия
_xОтходы
_xИспользование
_91932864
_3RU\NLR\auth\661171091
686 _aК320.9
701 1 _aЧерепанов
_bК. А.
_gКорнилий Александрович
_4070
701 1 _aАбрамович
_bС. М.
_gСемен Моисеевич
_4070
701 1 _aТемлянцев
_bМ. В.
_gМихаил Викторович
_4070
701 1 _aТемлянцева
_bЕ. Н.
_gЕлена Николаевна
_4070
801 0 _aRU
_bNLR
_c20040818
_gPSBO
801 1 _aRU
_bNLR
_c20040818
830 _aАвт. по кн.
942 _cBOOK
980 _aNB